Screen : the journal of the Society for Education in Film and Television.

Bibliographic Details
Previous Title:Screen education
Screen education (1974)
Uniform Title:Screen (London, England)
Corporate Author: Society for Education in Film and Television
Format: Journal
Language:English
Published: London : The Society, [1969?-]
Subjects:
Online Availability: Check for online availability

MARC

Tag First Indicator Second Indicator Subfields
LEADER 00000cas a2200000 a 4500
001 in00001260607
005 20151004051855.0
008 781019c19699999enkqrzp 0 a0eng d
010 |a  91642840   |z sf 81001034   |z sn 83011537   |z sn 90035039  
019 |a 08731168  |a 22246702 
022 |a 0036-9543 
035 |a (OCoLC)04303646 
035 |9 AGW8398AM 
040 |a IXA  |c IXA  |d MUL  |d IUL  |d DLC  |d NST  |d AIP  |d NST  |d NSD  |d NST  |d NSD  |d NST  |d NSD  |d IUL  |d OCL  |d DLC  |d NST  |d UtOrBLW 
042 |a lc  |a nsdp 
049 |a TXAE 
050 0 0 |a PN1993  |b .S2372 
130 0 |a Screen (London, England) 
210 0 |a Screen  |b (Lond.) 
222 0 |a Screen  |b (London) 
245 1 0 |a Screen :  |b the journal of the Society for Education in Film and Television. 
264 1 |a London :  |b The Society,  |c [1969?-] 
300 |a volumes :  |b illustrations ;  |c 22 cm. 
310 |a Quarterly,  |b winter 1987- 
321 |a Bimonthly,  |b Jan./Feb. 1969-Nov./Dec. 1986 
336 |a text  |b txt  |2 rdacontent 
337 |a unmediated  |b n  |2 rdamedia 
338 |a volume  |b nc  |2 rdacarrier 
362 0 |a Vol. 10, no. 1 (Jan./Feb. 1969)- 
500 |a Title from cover. 
500 |a Evans description based on: volume 37, number 1 (spring 1996). 
510 2 |a Media review digest  |x 0363-7778 
650 0 |a Motion pictures  |v Periodicals. 
650 0 |a Television  |v Periodicals. 
710 2 |a Society for Education in Film and Television. 
780 0 0 |t Screen education  |w (OCoLC)5736583 
780 0 5 |t Screen education (1974)  |x 0306-0691  |w (DLC) 81642099  |w (OCoLC)1472034 
999 |a MARS 
999 f f |s b60ce6b6-93bb-33ea-9938-b5beef01519d  |i 818888f6-8a30-37db-a1ed-070c66b9aeb4  |t 0 
952 f f |p serial  |a Texas A&M University  |b College Station  |c Sterling C. Evans Library  |d Evans: Library Stacks  |t 0  |e PN1993 .S2372  |h Library of Congress classification  |i unmediated -- volume  |k v.39  |l 1998  |m A14826166512 
952 f f |p serial  |a Texas A&M University  |b College Station  |c Sterling C. Evans Library  |d Evans: Library Stacks  |t 0  |e PN1993 .S2372  |h Library of Congress classification  |i unmediated -- volume  |k v.46  |l 2005  |m A14834633206 
952 f f |p serial  |a Texas A&M University  |b College Station  |c Sterling C. Evans Library  |d Evans: Library Stacks  |t 0  |e PN1993 .S2372  |h Library of Congress classification  |i unmediated -- volume  |k v.40  |l 1999  |m A14826828635 
952 f f |p serial  |a Texas A&M University  |b College Station  |c Sterling C. Evans Library  |d Evans: Library Stacks  |t 0  |e PN1993 .S2372  |h Library of Congress classification  |i unmediated -- volume  |k v.34  |l 1993  |m A14822123910 
952 f f |p serial  |a Texas A&M University  |b College Station  |c Sterling C. Evans Library  |d Evans: Library Stacks  |t 0  |e PN1993 .S2372  |h Library of Congress classification  |i unmediated -- volume  |k v.42  |l 2001  |m A14828777084 
952 f f |p serial  |a Texas A&M University  |b College Station  |c Sterling C. Evans Library  |d Evans: Library Stacks  |t 0  |e PN1993 .S2372  |h Library of Congress classification  |i unmediated -- volume  |k v.47  |l 2006  |m A14836126328 
952 f f |p serial  |a Texas A&M University  |b College Station  |c Sterling C. Evans Library  |d Evans: Library Stacks  |t 0  |e PN1993 .S2372  |h Library of Congress classification  |i unmediated -- volume  |k v.35  |l 1994  |m A14826784035 
952 f f |p serial  |a Texas A&M University  |b College Station  |c Sterling C. Evans Library  |d Evans: Library Stacks  |t 0  |e PN1993 .S2372  |h Library of Congress classification  |i unmediated -- volume  |k v.43  |l 2002  |m A14830359410 
952 f f |p serial  |a Texas A&M University  |b College Station  |c Sterling C. Evans Library  |d Evans: Library Stacks  |t 0  |e PN1993 .S2372  |h Library of Congress classification  |i unmediated -- volume  |k v.37  |l 1996  |m A14821535287 
952 f f |p serial  |a Texas A&M University  |b College Station  |c Sterling C. Evans Library  |d Evans: Library Stacks  |t 0  |e PN1993 .S2372  |h Library of Congress classification  |i unmediated -- volume  |k v.31:no.2-4  |l 1990:Summer-Winter  |m A14826791529 
952 f f |p serial  |a Texas A&M University  |b College Station  |c Sterling C. Evans Library  |d Evans: Library Stacks  |t 0  |e PN1993 .S2372  |h Library of Congress classification  |i unmediated -- volume  |k v.45:no.3-4  |l 2004:Autumn-Winter  |m A14833706666 
952 f f |p serial  |a Texas A&M University  |b College Station  |c Sterling C. Evans Library  |d Evans: Library Stacks  |t 0  |e PN1993 .S2372  |h Library of Congress classification  |i unmediated -- volume  |k v.38  |l 1997  |m A14823754358 
952 f f |p serial  |a Texas A&M University  |b College Station  |c Sterling C. Evans Library  |d Evans: Library Stacks  |t 0  |e PN1993 .S2372  |h Library of Congress classification  |i unmediated -- volume  |k v.32  |l 1991  |m A14820460497 
952 f f |p serial  |a Texas A&M University  |b College Station  |c Sterling C. Evans Library  |d Evans: Library Stacks  |t 0  |e PN1993 .S2372  |h Library of Congress classification  |i unmediated -- volume  |k v.30:no.3-4  |l 1989:Summer-Fall  |m A14819928408 
952 f f |p serial  |a Texas A&M University  |b College Station  |c Sterling C. Evans Library  |d Evans: Library Stacks  |t 0  |e PN1993 .S2372  |h Library of Congress classification  |i unmediated -- volume  |k v.49  |l 2008  |m A14834784196 
952 f f |p serial  |a Texas A&M University  |b College Station  |c Sterling C. Evans Library  |d Evans: Library Stacks  |t 0  |e PN1993 .S2372  |h Library of Congress classification  |i unmediated -- volume  |k v.45:no.1-2  |l 2004:Spring-Summer  |m A14833708553 
952 f f |p serial  |a Texas A&M University  |b College Station  |c Sterling C. Evans Library  |d Evans: Library Stacks  |t 0  |e PN1993 .S2372  |h Library of Congress classification  |i unmediated -- volume  |k v.44  |l 2003  |m A14832213759 
952 f f |p serial  |a Texas A&M University  |b College Station  |c Sterling C. Evans Library  |d Evans: Library Stacks  |t 0  |e PN1993 .S2372  |h Library of Congress classification  |i unmediated -- volume  |k v.36  |l 1995  |m A14826474004 
952 f f |p serial  |a Texas A&M University  |b College Station  |c Sterling C. Evans Library  |d Evans: Library Stacks  |t 0  |e PN1993 .S2372  |h Library of Congress classification  |i unmediated -- volume  |k v.41  |l 2000  |m A14828777123 
952 f f |p serial  |a Texas A&M University  |b College Station  |c Sterling C. Evans Library  |d Evans: Library Stacks  |t 0  |e PN1993 .S2372  |h Library of Congress classification  |i unmediated -- volume  |k v.48  |l 2007  |m A14837287567 
998 f f |a PN1993 .S2372  |s v.34-49 (1999-2008)  |t 0  |l Evans: Library Stacks